Fr. Conceicao Rodrigues College of Engineering

Vector analysis (Record no. 22055)

MARC details
000 -LEADER
fixed length control field 00272nam a2200133Ia 4500
082 ## - DEWEY DECIMAL CLASSIFICATION NUMBER
Classification number 515.6
100 ## - MAIN ENTRY--PERSONAL NAME
Personal name Krasnov/M.L
245 ## - TITLE STATEMENT
Title Vector analysis
260 ## - PUBLICATION, DISTRIBUTION, ETC.
Name of publisher, distributor, etc. Mir Publishers
Place of publication, distribution, etc. Moscow
Date of publication, distribution, etc. 1981
300 ## - PHYSICAL DESCRIPTION
Extent 190
546 ## - LANGUAGE NOTE
Language note ENGLISH
654 ## - SUBJECT ADDED ENTRY--FACETED TOPICAL TERMS
Focus term Analysis
942 ## - ADDED ENTRY ELEMENTS (KOHA)
Koha item type Reference Book
Holdings
Withdrawn status Lost status Damaged status Not for loan Collection Home library Current library Shelving location Date acquired Source of acquisition Cost, normal purchase price Total Checkouts Full call number Barcode Date last seen Cost, replacement price Price effective from Koha item type
        AFT Fr. Agnel's C.Rodrigues College of Engineering Fr. Agnel's C.Rodrigues College of Engineering   17/03/2023 Crown Book House 5.50   515.6 AFT4212 17/03/2023 5.50 17/03/2023 Reference Book